Loading...

பித்தப்பூ

Bibliographic Details
Main Author: Subramanyam;Su.Naa சுப்ரமண்யம்.சு.நா
Format: Printed Book
Published: Chennai Natrinai Pathippakam 2012
Subjects:
LEADER 00565nam a22001697a 4500
020 |a 978-93-82628-29-1 
082 |a 894.811301  |b SUP/P 
100 |a Subramanyam;Su.Naa  |a சுப்ரமண்யம்.சு.நா  
240 |a Pithappoo  
245 |a பித்தப்பூ  
260 |a Chennai  |b Natrinai Pathippakam   |c 2012 
300 |a 96 
546 |a Tamil 
650 |a Short Story 
942 |c BK 
999 |c 315772  |d 315772 
952 |0 0  |1 0  |4 0  |6 894_811301000000000_PITS  |7 0  |9 337727  |a TAM  |b TAM  |d 2020-12-02  |l 0  |o 894.811301 Pit-S  |p TAM28360  |r 2020-12-02  |w 2020-12-02  |y BK